Orlen Basket Liga 2024/25 - Statystyki

Ogólne statystyki
  • Ten quiz został rozwiązany 54 razy
  • Średni wynik to 15 z 16
Statystyki odpowiedzi
Województwo Drużyna % Poprawnych
Mazowieckie Legia Warszawa
100%
Mazowieckie Dziki Warszawa
97%
Zachodniopomorskie King Szczecin
97%
Lubelskie PGE Start Lublin
97%
Pomorskie Trefl Sopot
97%
Dolnośląskie WKS Śląsk Wrocław
97%
Pomorskie AMW Arka Gdynia
95%
Kujawsko-Pomorskie Anwil Włocławek
95%
Wielkopolskie Tasomix Rosiek Stal Ostrów Wielkopolski
95%
Lubuskie Orlen Zastal Zielona Góra
92%
Kujawsko-Pomorskie Arriva Polski Cukier Toruń (Twarde Pierniki)
87%
Dolnośląskie Górnik Zamek Książ Wałbrzych
87%
Śląskie Tauron GTK Gliwice
87%
Pomorskie Energa Icon Sea Czarni Słupsk
85%
Zachodniopomorskie PGE Spójnia Stargard
85%
Śląskie MKS Dąbrowa Górnicza
74%
Nie znaleziono quizów pasujących do podanych kryteriów
Rozkład punktacji
Procent ludzi z każdym wynikiem
Percentyl według liczby udzielonych odpowiedzi
Twoja historia wyników
Nie rozwiązałeś tego quizu